000 00625nam a2200193Ia 4500
003 GCL
008 140319s9999 xx 000 0 ara d
040 _aGCL /
_cGCL
082 0 4 _a720.2
_bخ ل
100 1 _aخالد السلطانى
245 1 0 _aرؤى معمارية /
_cخالد السلطانى
250 _aالاولى
260 _aبيروت :
_bالمؤسسة العربية للدراسات والنشر ،
_c2000
300 _a710 ص ؛
_c22 سم
650 0 4 _aالعمارة الاسلامية
650 0 4 _aالعمارة الحديثة
650 0 4 _aالعمارة العراقية
942 _2ddc
_cBK
999 _c45345
_d45345